| 000 | 00627nam a2200193Ia 4500 | ||
|---|---|---|---|
| 003 | GCL | ||
| 008 | 140319s9999 xx 000 0 ara d | ||
| 040 |
_aGCL / _cGCL |
||
| 082 | 0 | 4 |
_a939.44 _bم ت |
| 100 | 1 | _aمحمد الصغير غانم | |
| 245 | 1 | 0 |
_aالتوسع الفنيسقى فى عرض البحر المتوسط / _cمحمد الصغير غانم |
| 260 |
_a[S.N] : _bالمؤسسة الجامعية للدراسات والنشر والتوزيع ، _c1982 |
||
| 300 | _a54 | ||
| 490 | _a | ||
| 650 | 0 | 4 | _aتاريخ |
| 650 | 0 | 4 | _aالفينيقيون |
| 650 | 0 | 4 | _aلبنان القديم |
| 942 |
_2ddc _cBK |
||
| 999 |
_c53005 _d53005 |
||